| 000 | 02251cam a2200373 i 4500 | ||
|---|---|---|---|
| 003 | SA-RiAUC | ||
| 005 | 20250529051750.0 | ||
| 008 | 250511s2010 ku g f000 p ara c | ||
| 020 | _a9789990699388 | ||
| 024 | 0 | _a00000000976448 | |
| 040 |
_aSA-MaMIU _bara _cSA-RiAUC _dKW-KwMAI _erda |
||
| 082 | 0 | 4 |
_a811.062 _qSA-RiAUC |
| 090 |
_a811.062 _bم ف ل |
||
| 100 | 1 |
_aمفلح، محمود، _d1943- _eمؤلف. |
|
| 245 | 1 | 0 |
_aإنما أنت.. بلسم : _b(ديوان شعر) / _cمحمود مفلح. |
| 250 | _aالطبعة الأولى. | ||
| 264 | 1 |
_aالكويت : _bوزارة الأوقاف والشؤون الإسلامية، قطاع الشؤون الثقافية، إدارة الثقافة الإسلامية، _c2010. |
|
| 300 |
_a137 صفحة ؛ _c21 × 14 سم. |
||
| 336 |
_aنص _btxt _2rdacontent _3كتاب |
||
| 337 |
_aبدون وسيط _bn _2rdamedia |
||
| 338 |
_aمجلد _bnc _2rdacarrier |
||
| 490 | 1 |
_aروافد. _aإسهام ؛ _vالإصدار 29 |
|
| 506 | 0 | _aيهدى ولا يباع. | |
| 520 | _aيتناول كتاب (إنما أنت.. بلسم) والذي قام بتأليفه محمود مفلح، موضوع (شعر) الكتاب ديوانا شعريا يحمل في عنوانه قيم الأمل والحب والتفاؤل، ويشتمل على مجموعة من القصائد في موضوعات متنوعة، لكن الرابط الذي يوحد بينها هو الحب، حب الله تعالى والقرب منه، وحب الرسول صلى الله عليه وسلم، وحب الوطن، وحب العلماء والمعلمين، وحب الجمال. وكل قصيدة في هذا الحب الممتد تحمل قيما، وتبشر برؤية قوامها استمداد فضائل المحبوب والتغني بها. | ||
| 520 | 0 | _aشعر. | |
| 650 | 7 |
_aالشعر العربي الديني _zفلسطين _yقرن 21 _2aucsh |
|
| 653 | _aالشعر العربي | ||
| 653 | _aالشعر الديني | ||
| 830 | 0 |
_aروافد. _pإسهام _vالإصدار 29 |
|
| 856 | 4 | _uBOOKS/91 | |
| 942 |
_2ddc _cBOOK _n0 |
||
| 949 |
_aSA-JeALM _d250511 _umohamedma123 _n1 |
||
| 999 |
_c8435 _d8435 |
||